A first Course in Differential Equations with Modeling Applications (Record no. 8583)

MARC details
000 -LEADER
fixed length control field 00878cam a2200277 a 4500
001 - CONTROL NUMBER
control field 1632880
003 - CONTROL NUMBER IDENTIFIER
control field OSt
005 - DATE AND TIME OF LATEST TRANSACTION
control field 20240618112049.0
008 - FIXED-LENGTH DATA ELEMENTS--GENERAL INFORMATION
fixed length control field 960124s1997 caua 001 0 eng
010 ## - LIBRARY OF CONGRESS CONTROL NUMBER
LC control number 96002424
020 ## - INTERNATIONAL STANDARD BOOK NUMBER
International Standard Book Number 0534955746 (hardcover)
040 ## - CATALOGING SOURCE
Original cataloging agency MUST LIB
Transcribing agency MUST
Modifying agency MUST
050 00 - LIBRARY OF CONGRESS CALL NUMBER
Classification number QA372
Item number .Z54 1997
082 00 - DEWEY DECIMAL CLASSIFICATION NUMBER
Classification number 515.35 ZIL 1997
Edition number 20
100 1# - MAIN ENTRY--PERSONAL NAME
Personal name Zill, Dennis G.;
9 (RLIN) 17402
245 12 - TITLE STATEMENT
Title A first Course in Differential Equations with Modeling Applications
250 ## - EDITION STATEMENT
Edition statement 6th ed.
260 ## - PUBLICATION, DISTRIBUTION, ETC. (IMPRINT)
Place of publication, distribution, etc. Pacific Grove;
Name of publisher, distributor, etc. Brooks,
Date of publication, distribution, etc. c1997.
300 ## - PHYSICAL DESCRIPTION
Extent xi, 387, [51] p. :
Other physical details ill. ;
Dimensions 26 cm.
500 ## - GENERAL NOTE
General note Includes index.
650 #0 - SUBJECT ADDED ENTRY--TOPICAL TERM
Topical term or geographic name as entry element Differential equations.
9 (RLIN) 751
650 #0 - SUBJECT ADDED ENTRY--TOPICAL TERM
Topical term or geographic name as entry element Mathematics
906 ## - LOCAL DATA ELEMENT F, LDF (RLIN)
a 7
b cbc
c orignew
d 1
e ocip
f 19
g y-gencatlg
942 ## - ADDED ENTRY ELEMENTS (KOHA)
Source of classification or shelving scheme Dewey Decimal Classification
Koha item type Open Shelf
Holdings
Withdrawn status Lost status Source of classification or shelving scheme Damaged status Not for loan Home library Current library Date acquired Source of acquisition Inventory number Total Checkouts Full call number Barcode Date last seen Price effective from Koha item type
    Dewey Decimal Classification     MUST Main Library MUST Main Library 18/06/2024 Purchase 05/24908   515.35 ZIL 2024-20714 18/06/2024 18/06/2024 Open Shelf
    Other/Generic Classification Scheme     MUST Main Library MUST Main Library 29/10/2025 Purchase 04/22816   515.35 ZIL 1997 2025-0173 29/10/2025 29/10/2025 Book Bank
    Other/Generic Classification Scheme     MUST Main Library MUST Main Library 29/10/2025 Purchase 24907   515.35 ZIL 1997 2025-0174 29/10/2025 29/10/2025 Book Bank